[Event "46th GER-ch Rapid 2020"]
[Site "Plochingen"]
[Date "2020.09.19"]
[Round "5.5"]
[White "Schmaltz, Roland"]
[Black "Richter, Christian"]
[Result "1/2-1/2"]
[WhiteElo "2449"]
[BlackElo "2348"]
[Annotator "ChessBase"]
[PlyCount "111"]
[EventDate "2020.09.19"]
[EventType "swiss"]
[EventCountry "GER"]
[SourceTitle "playchess.com"]
[Source "ChessBase"]
[SourceQuality "1"]
[TimeControl "900+10"]

1. e4 {[%emt 0:00:00]} e5 {[%emt 0:00:00]} 2. Nf3 {[%emt 0:00:00]} Nc6 {[%emt 0:00:00]} 3. Bb5 {[%emt 0:00:00]} a6 {[%emt 0:00:00]} 4. Ba4 {[%emt 0:00:00]} Nf6 {[%emt 0:00:03]} 5. d3 {[%emt 0:00:00]} b5 {[%emt 0:00:06]} 6. Bb3 {[%emt 0:00:00]} Be7 {[%emt 0:00:10]} 7. O-O {[%emt 0:00:06]} d6 {[%emt 0:00:04]} 8. c3 {[%emt 0:00:02]} O-O {[%emt 0:00:06]} 9. Re1 {[%emt 0:00:03]} h6 {[%emt 0:00:56]} 10. Nbd2 {[%emt 0:00:03]} Re8 {[%emt 0:00:04]} 11. Nf1 {[%emt 0:00:03]} Bf8 {[%emt 0:00:06]} 12. Ne3 {[%emt 0:00:22]} Na5 {[%emt 0:00:12]} 13. Bc2 {[%emt 0:00:04]} c5 {[%emt 0:01:14]} 14. h3 {[%emt 0:00:57]} Nh7 {[%emt 0:02:30]} 15. a3 {[%emt 0:03:14]} Be6 {[%emt 0:02:08]} 16. b4 {[%emt 0:00:12]} Nc6 {[%emt 0:00:37]} 17. Bd2 {[%emt 0:01:00]} Nf6 {[%emt 0:01:01]} 18. Rb1 {[%emt 0:00:19]} Qd7 {[%emt 0:01:43]} 19. c4 {[%emt 0:00:58]} cxb4 {[%emt 0:00:51]} 20. axb4 {[%emt 0:00:08]} Reb8 {[%emt 0:00:16]} 21. Nd5 {[%emt 0:00:19]} Qd8 {[%emt 0:00:28]} 22. Bc3 {[%emt 0:00:30]} Nh7 {[%emt 0:00:37]} 23. Qd2 {[%emt 0:02:16]} Bd7 {[%emt 0:00:57]} 24. Bb3 {[%emt 0:00:15]} Ng5 {[%emt 0:00:11]} 25. Nxg5 {[%emt 0:00:14]} Qxg5 {[%emt 0:00:10]} 26. Qxg5 {[%emt 0:00:14]} hxg5 {[%emt 0:00:01]} 27. Ra1 {[%emt 0:00:20]} Ra7 {[%emt 0:02:23]} 28. cxb5 {[%emt 0:01:11]} axb5 {[%emt 0:00:09]} 29. Rxa7 {[%emt 0:00:08]} Nxa7 {[%emt 0:00:02]} 30. Ra1 {[%emt 0:00:13]} Rb7 {[%emt 0:00:30]} 31. f3 {[%emt 0:00:13]} Kh7 {[%emt 0:00:42]} 32. Bd2 {[%emt 0:00:08]} Kg6 {[%emt 0:00:18]} 33. Be3 {[%emt 0:00:01]} Nc6 {[%emt 0:00:03]} 34. Ra8 {[%emt 0:00:05]} Rb8 {[%emt 0:00:34]} 35. Ra6 {[%emt 0:00:35]} Rb7 {[%emt 0:00:31]} 36. Kf2 {[%emt 0:00:34]} Be8 {[%emt 0:00:53]} 37. Ke1 {[%emt 0:00:20]} Bd7 {[%emt 0:00:07]} 38. Kd2 {[%emt 0:00:05]} Be8 {[%emt 0:00:04]} 39. Kc3 {[%emt 0:00:06]} Rb8 {[%emt 0:00:05]} 40. Rb6 {[%emt 0:01:07]} Rc8 {[%emt 0:00:11]} 41. Kd2 {[%emt 0:00:12]} f6 {[%emt 0:00:09]} 42. Rb7 {[%emt 0:00:09]} Nd4 {[%emt 0:00:15]} 43. Bxd4 {[%emt 0:00:26]} exd4 {[%emt 0:00:02]} 44. Nc7 {[%emt 0:00:21]} Bc6 {[%emt 0:00:03]} 45. Ra7 {[%emt 0:00:02]} d5 {[%emt 0:00:07]} 46. exd5 {[%emt 0:00:45]} Bxb4+ {[%emt 0:00:01]} 47. Kd1 {[%emt 0:00:00]} Bc5 {[%emt 0:00:12]} 48. dxc6 {[%emt 0:00:24]} Bxa7 {[%emt 0:00:01]} 49. Nxb5 {[%emt 0:00:01]} Bb6 {[%emt 0:00:17]} 50. Bd5 {[%emt 0:00:02]} Kh7 {[%emt 0:00:49]} 51. g4 {[%emt 0:00:05]} g6 {[%emt 0:00:04]} 52. Kc2 {[%emt 0:00:15]} Rd8 {[%emt 0:00:05]} 53. Be6 {[%emt 0:00:08]} Ra8 {[%emt 0:00:05]} 54. c7 {[%emt 0:00:39]} Bxc7 {[%emt 0:00:03]} 55. Nxc7 {[%emt 0:00:01]} Ra5 {[%emt 0:00:13]} 56. Bc4 {[%emt 0:00:07]} 1/2-1/2

[Event "46th GER-ch Rapid 2020"]
[Site "Plochingen"]
[Date "2020.09.19"]
[Round "5.6"]
[White "Spiess, Gunter"]
[Black "Voigt, Martin"]
[Result "1/2-1/2"]
[WhiteElo "2391"]
[BlackElo "2289"]
[Annotator "ChessBase"]
[PlyCount "31"]
[EventDate "2020.09.19"]
[EventType "swiss"]
[EventCountry "GER"]
[SourceTitle "playchess.com"]
[Source "ChessBase"]
[SourceQuality "1"]
[TimeControl "900+10"]

1. d4 {[%emt 0:00:00]} d5 {[%emt 0:00:00]} 2. c4 {[%emt 0:00:00]} e6 {[%emt 0:00:00]} 3. Nc3 {[%emt 0:00:17]} a6 {[%emt 0:00:00]} 4. cxd5 {[%emt 0:00:46]} exd5 {[%emt 0:00:00]} 5. Nf3 {[%emt 0:00:09]} Nf6 {[%emt 0:00:07]} 6. Bg5 {[%emt 0:00:05]} Be6 {[%emt 0:00:02]} 7. e3 {[%emt 0:00:16]} Nbd7 {[%emt 0:00:03]} 8. Bd3 {[%emt 0:00:08]} Bd6 {[%emt 0:00:02]} 9. Qc2 {[%emt 0:00:10]} h6 {[%emt 0:00:03]} 10. Bh4 {[%emt 0:00:04]} O-O {[%emt 0:00:05]} 11. a3 {[%emt 0:01:00]} c5 {[%emt 0:00:36]} 12. dxc5 {[%emt 0:01:10]} Nxc5 {[%emt 0:00:03]} 13. O-O {[%emt 0:00:42]} Rc8 {[%emt 0:00:38]} 14. Rfd1 {[%emt 0:00:47]} Qe7 {[%emt 0:02:52]} 15. Rac1 {[%emt 0:02:34]} Rfd8 {[%emt 0:00:10]} 16. b4 {[%emt 0:03:13]} 1/2-1/2

[Event "46th GER-ch Rapid 2020"]
[Site "Plochingen"]
[Date "2020.09.19"]
[Round "5.7"]
[White "Petkidis, Anthony"]
[Black "Hartge, Gedeon"]
[Result "1/2-1/2"]
[WhiteElo "2406"]
[BlackElo "2234"]
[Annotator "ChessBase"]
[PlyCount "34"]
[EventDate "2020.09.19"]
[EventType "swiss"]
[EventCountry "GER"]
[SourceTitle "playchess.com"]
[Source "ChessBase"]
[SourceQuality "1"]
[TimeControl "900+10"]

1. e4 {[%emt 0:00:00]} c5 {[%emt 0:00:00]} 2. Nf3 {[%emt 0:00:00]} e6 {[%emt 0:00:00]} 3. d4 {[%emt 0:00:00]} cxd4 {[%emt 0:00:00]} 4. Nxd4 {[%emt 0:00:00]} a6 {[%emt 0:00:00]} 5. Nc3 {[%emt 0:00:00]} Qc7 {[%emt 0:00:00]} 6. Bd3 {[%emt 0:00:04]} Nf6 {[%emt 0:00:02]} 7. O-O {[%emt 0:00:07]} d6 {[%emt 0:00:05]} 8. a4 {[%emt 0:00:17]} b6 {[%emt 0:00:03]} 9. f4 {[%emt 0:01:46]} Nbd7 {[%emt 0:00:04]} 10. Qf3 {[%emt 0:00:27]} Bb7 {[%emt 0:00:09]} 11. Kh1 {[%emt 0:00:34]} Be7 {[%emt 0:00:07]} 12. Bd2 {[%emt 0:01:46]} Rc8 {[%emt 0:00:18]} 13. Qh3 {[%emt 0:00:27]} Nc5 {[%emt 0:00:26]} 14. Rae1 {[%emt 0:00:42]} O-O {[%emt 0:01:31]} 15. b4 {[%emt 0:02:32]} Nxd3 {[%emt 0:00:06]} 16. cxd3 {[%emt 0:00:02]} Qd7 {[%emt 0:01:25]} 17. a5 {[%emt 0:00:23]} Rc7 {[%emt 0:00:21]} 1/2-1/2

[Event "46th GER-ch Rapid 2020"]
[Site "Plochingen"]
[Date "2020.09.19"]
[Round "5.8"]
[White "Milare, Tyron"]
[Black "Muranyi, Karl-Jasmin"]
[Result "0-1"]
[WhiteElo "2176"]
[BlackElo "2331"]
[Annotator "NA"]
[PlyCount "112"]
[EventDate "2020.09.19"]
[EventType "swiss"]
[EventCountry "GER"]
[SourceTitle "playchess.com"]
[Source "ChessBase"]
[SourceQuality "1"]
[TimeControl "900+10"]

1. d4 {[%emt 0:00:00]} d5 {[%emt 0:00:00]} 2. Nf3 {[%emt 0:00:00]} c6 {[%emt 0:00:00]} 3. c4 {[%emt 0:00:00]} Nf6 {[%emt 0:00:00]} 4. e3 {[%emt 0:00:00]} Bg4 {[%emt 0:00:02]} 5. Nc3 {[%emt 0:00:03]} e6 {[%emt 0:00:02]} 6. h3 {[%emt 0:00:05]} Bh5 {[%emt 0:00:01]} 7. Be2 {[%emt 0:00:20]} Nbd7 {[%emt 0:00:04]} 8. cxd5 {[%emt 0:00:06]} exd5 {[%emt 0:00:02]} 9. O-O {[%emt 0:00:13]} Bd6 {[%emt 0:00:45]} 10. a3 {[%emt 0:00:16]} a5 {[%emt 0:00:18]} 11. Rb1 {[%emt 0:00:28]} O-O {[%emt 0:00:22]} 12. b4 {[%emt 0:00:02]} axb4 {[%emt 0:00:01]} 13. axb4 {[%emt 0:00:01]} b5 {[%emt 0:00:12]} 14. Bd2 {[%emt 0:01:25]} Qe7 {[%emt 0:00:19]} 15. Qb3 {[%emt 0:00:11]} Nb6 {[%emt 0:00:18]} 16. Ne1 {[%emt 0:00:58]} Bg6 {[%emt 0:00:58]} 17. Bd3 {[%emt 0:00:07]} Nc4 {[%emt 0:00:06]} 18. Bc1 {[%emt 0:00:13]} Ne4 {[%emt 0:02:19]} 19. Nxe4 {[%emt 0:01:25]} Bxe4 {[%emt 0:00:02]} 20. Bxe4 {[%emt 0:00:03]} dxe4 {[%emt 0:00:15]} 21. Nc2 {[%emt 0:00:13]} Ra4 {[%emt 0:00:05]} 22. Rd1 {[%emt 0:01:03]} Qg5 {[%emt 0:00:11]} 23. Bb2 {[%emt 0:00:34]} Qd5 {[%emt 0:00:40]} 24. Ra1 {[%emt 0:00:23]} Nb6 {[%emt 0:00:56]} 25. Qxd5 {[%emt 0:00:53]} cxd5 {[%emt 0:01:31]} 26. Rxa4 {[%emt 0:00:10]} Nxa4 {[%emt 0:00:02]} 27. Bc1 {[%emt 0:00:58]} Rc8 {[%emt 0:00:35]} 28. Na3 {[%emt 0:00:03]} Nc3 {[%emt 0:00:02]} 29. Rf1 {[%emt 0:05:20]} Ne2+ {[%emt 0:00:48]} 30. Kh1 {[%emt 0:00:01]} Rxc1 {[%emt 0:00:30]} 31. Rxc1 {[%emt 0:00:01]} Nxc1 {[%emt 0:00:01]} 32. Nxb5 {[%emt 0:00:02]} Bxb4 {[%emt 0:00:01]} 33. Nc7 {[%emt 0:00:14]} Be1 {[%emt 0:00:42]} 34. f3 {[%emt 0:00:31]} Ne2 {[%emt 0:01:22]} 35. Nxd5 {[%emt 0:00:14]} Nc3 {[%emt 0:00:34]} 36. Ne7+ {[%emt 0:00:48]} Kf8 {[%emt 0:00:02]} 37. Nf5 {[%emt 0:00:02]} g6 {[%emt 0:00:11]} 38. Nd6 {[%emt 0:00:02]} Bf2 {[%emt 0:00:59]} 39. Nc4 {[%emt 0:00:21]} exf3 {[%emt 0:00:28]} 40. gxf3 {[%emt 0:00:01]} Nd1 {[%emt 0:00:02]} 41. e4 {[%emt 0:00:37]} Bxd4 {[%emt 0:00:02]} 42. Nd2 {[%emt 0:00:18]} Ne3 {[%emt 0:00:16]} 43. Kh2 {[%emt 0:00:28]} Be5+ {[%emt 0:00:15]} 44. Kg1 {[%emt 0:00:02]} Bg3 {[%emt 0:00:06]} 45. Nb3 {[%emt 0:00:18]} Kg7 {[%emt 0:00:10]} 46. Nd4 {[%emt 0:00:03]} h5 {[%emt 0:00:45]} 47. Ne2 {[%emt 0:00:15]} h4 {[%emt 0:00:04]} 48. Nd4 {[%emt 0:00:31]} Kf6 {[%emt 0:00:05]} 49. Nc6 {[%emt 0:00:21]} Kg5 {[%emt 0:00:15]} 50. Nd8 {[%emt 0:00:18]} Kf6 {[%emt 0:00:33]} 51. Nc6 {[%emt 0:00:03]} Nc4 {[%emt 0:00:23]} 52. Kg2 {[%emt 0:00:07]} Ne5 {[%emt 0:00:02]} 53. Nd4 {[%emt 0:00:05]} Nd3 {[%emt 0:00:01]} 54. Ne2 {[%emt 0:00:40]} Nf4+ {[%emt 0:00:06]} 55. Nxf4 {[%emt 0:00:01]} Bxf4 {[%emt 0:00:02]} 56. Kf2 {[%emt 0:00:01]} Ke5 {[%emt 0:00:05]} 0-1

[Event "46th GER-ch Rapid 2020"]
[Site "Plochingen"]
[Date "2020.09.19"]
[Round "5.9"]
[White "Stern, Rene"]
[Black "Schwarz, Frank"]
[Result "1-0"]
[WhiteElo "2517"]
[BlackElo "2231"]
[Annotator "ChessBase"]
[PlyCount "93"]
[EventDate "2020.09.19"]
[EventType "swiss"]
[EventCountry "GER"]
[SourceTitle "playchess.com"]
[Source "ChessBase"]
[SourceQuality "1"]
[TimeControl "900+10"]

1. Nf3 {[%emt 0:00:00]} d5 {[%emt 0:00:00]} 2. d4 {[%emt 0:00:00]} Nf6 {[%emt 0:00:01]} 3. c4 {[%emt 0:00:00]} e6 {[%emt 0:00:07]} 4. Nc3 {[%emt 0:00:00]} Be7 {[%emt 0:00:14]} 5. Bg5 {[%emt 0:00:00]} a6 {[%emt 0:00:20]} 6. e3 {[%emt 0:00:08]} O-O {[%emt 0:00:04]} 7. Rc1 {[%emt 0:00:14]} Nbd7 {[%emt 0:01:26]} 8. cxd5 {[%emt 0:00:20]} exd5 {[%emt 0:00:14]} 9. Bd3 {[%emt 0:00:12]} c6 {[%emt 0:00:09]} 10. Qc2 {[%emt 0:00:01]} Re8 {[%emt 0:00:40]} 11. O-O {[%emt 0:00:03]} h6 {[%emt 0:00:37]} 12. Bh4 {[%emt 0:00:23]} Ne4 {[%emt 0:01:10]} 13. Bxe7 {[%emt 0:07:01]} Qxe7 {[%emt 0:00:06]} 14. Bxe4 {[%emt 0:00:19]} dxe4 {[%emt 0:00:06]} 15. Nd2 {[%emt 0:00:02]} Nf6 {[%emt 0:00:43]} 16. b4 {[%emt 0:00:24]} Bf5 {[%emt 0:02:06]} 17. a3 {[%emt 0:01:11]} Rad8 {[%emt 0:02:00]} 18. Rfe1 {[%emt 0:00:30]} Bg6 {[%emt 0:01:16]} 19. Nc4 {[%emt 0:00:10]} Nd5 {[%emt 0:01:16]} 20. Ne2 {[%emt 0:00:53]} Qg5 {[%emt 0:00:38]} 21. Ne5 {[%emt 0:00:16]} Bf5 {[%emt 0:00:24]} 22. Ng3 {[%emt 0:00:03]} Bh7 {[%emt 0:00:50]} 23. Qb3 {[%emt 0:01:32]} f6 {[%emt 0:00:58]} 24. f4 {[%emt 0:01:19]} exf3 {[%emt 0:00:47]} 25. Nxf3 {[%emt 0:00:01]} Rxe3 {[%emt 0:00:31]} 26. Qa2 {[%emt 0:01:22]} Qf4 {[%emt 0:00:24]} 27. Rf1 {[%emt 0:00:18]} Bd3 {[%emt 0:00:22]} 28. Rfd1 {[%emt 0:00:15]} Rde8 {[%emt 0:00:17]} 29. Qd2 {[%emt 0:00:20]} Bg6 {[%emt 0:00:32]} 30. a4 {[%emt 0:00:33]} Qd6 {[%emt 0:00:36]} 31. b5 {[%emt 0:00:07]} cxb5 {[%emt 0:00:05]} 32. axb5 {[%emt 0:00:00]} axb5 {[%emt 0:00:02]} 33. Nh4 {[%emt 0:00:16]} Qf4 {[%emt 0:01:00]} 34. Nxg6 {[%emt 0:00:46]} Re1+ {[%emt 0:00:02]} 35. Qxe1 {[%emt 0:00:01]} Rxe1+ {[%emt 0:00:02]} 36. Rxe1 {[%emt 0:00:01]} Qxd4+ {[%emt 0:00:02]} 37. Kh1 {[%emt 0:00:00]} Ne3 {[%emt 0:00:27]} 38. Ne7+ {[%emt 0:00:08]} Kh7 {[%emt 0:00:17]} 39. Nef5 {[%emt 0:00:00]} Nxf5 {[%emt 0:00:02]} 40. Nxf5 {[%emt 0:00:00]} Qf4 {[%emt 0:00:16]} 41. Ng3 {[%emt 0:00:00]} b4 {[%emt 0:00:15]} 42. Rb1 {[%emt 0:00:00]} Qd2 {[%emt 0:00:14]} 43. Re2 {[%emt 0:00:00]} Qd3 {[%emt 0:00:15]} 44. Reb2 {[%emt 0:00:00]} f5 {[%emt 0:00:11]} 45. Rb3 {[%emt 0:00:00]} Qd5 {[%emt 0:00:13]} 46. Rxb4 {[%emt 0:00:00]} Qe5 {[%emt 0:00:11]} 47. Rb5 {[%emt 0:00:00]} 1-0

[Event "46th GER-ch Rapid 2020"]
[Site "Plochingen"]
[Date "2020.09.19"]
[Round "5.10"]
[White "Reichmann, Hendrik"]
[Black "Siebrecht, Sebastian"]
[Result "1/2-1/2"]
[WhiteElo "2348"]
[BlackElo "2418"]
[Annotator "ChessBase"]
[PlyCount "97"]
[EventDate "2020.09.19"]
[EventType "swiss"]
[EventCountry "GER"]
[SourceTitle "playchess.com"]
[Source "ChessBase"]
[SourceQuality "1"]
[TimeControl "900+10"]

1. d4 {[%emt 0:00:00]} Nf6 {[%emt 0:00:00]} 2. Bf4 {[%emt 0:00:01]} d5 {[%emt 0:00:00]} 3. e3 {[%emt 0:00:04]} c5 {[%emt 0:00:01]} 4. c3 {[%emt 0:00:05]} cxd4 {[%emt 0:00:07]} 5. exd4 {[%emt 0:00:04]} Nc6 {[%emt 0:00:04]} 6. Nd2 {[%emt 0:00:08]} g6 {[%emt 0:02:13]} 7. Ngf3 {[%emt 0:01:53]} Bg7 {[%emt 0:00:32]} 8. Be2 {[%emt 0:01:04]} O-O {[%emt 0:00:11]} 9. h3 {[%emt 0:00:29]} a6 {[%emt 0:00:10]} 10. a4 {[%emt 0:01:37]} Nd7 {[%emt 0:00:29]} 11. O-O {[%emt 0:01:14]} e5 {[%emt 0:00:01]} 12. dxe5 {[%emt 0:00:45]} Ndxe5 {[%emt 0:00:02]} 13. Nb3 {[%emt 0:00:56]} Bf5 {[%emt 0:01:11]} 14. Nxe5 Nxe5 15. Nd4 {[%emt 0:01:01]} Bd7 {[%emt 0:00:21]} 16. Qb3 {[%emt 0:00:39]} Bc6 {[%emt 0:03:35]} 17. Rfe1 {[%emt 0:00:59]} Re8 {[%emt 0:00:01]} 18. Rad1 {[%emt 0:01:08]} Qd7 {[%emt 0:00:29]} 19. Ra1 {[%emt 0:02:34]} Qd6 {[%emt 0:02:15]} 20. Bg3 {[%emt 0:00:19]} Qf6 {[%emt 0:00:22]} 21. Bf1 {[%emt 0:00:12]} h5 {[%emt 0:00:58]} 22. Nxc6 {[%emt 0:00:47]} bxc6 {[%emt 0:00:03]} 23. Bxe5 {[%emt 0:00:06]} Rxe5 {[%emt 0:00:03]} 24. Qb7 {[%emt 0:00:06]} Rae8 {[%emt 0:01:15]} 25. Rxe5 {[%emt 0:00:05]} Rxe5 {[%emt 0:00:05]} 26. Qxa6 {[%emt 0:00:21]} h4 {[%emt 0:00:09]} 27. a5 {[%emt 0:00:24]} Kh7 {[%emt 0:00:58]} 28. Qb6 {[%emt 0:00:54]} Qf4 {[%emt 0:00:56]} 29. Qd4 {[%emt 0:01:26]} Re4 {[%emt 0:00:13]} 30. Qd3 {[%emt 0:00:19]} Be5 {[%emt 0:00:21]} 31. g3 {[%emt 0:00:02]} hxg3 {[%emt 0:00:24]} 32. Qxg3 {[%emt 0:00:02]} Qd2 {[%emt 0:00:43]} 33. Qd3 {[%emt 0:00:29]} Qxb2 {[%emt 0:00:16]} 34. Rb1 {[%emt 0:00:02]} Qa2 {[%emt 0:00:30]} 35. a6 {[%emt 0:00:08]} Rc4 {[%emt 0:00:54]} 36. Rb7 {[%emt 0:00:13]} Kg7 {[%emt 0:00:13]} 37. Qf3 {[%emt 0:00:11]} Rf4 {[%emt 0:00:12]} 38. Qe2 {[%emt 0:00:12]} Qxe2 {[%emt 0:00:26]} 39. Bxe2 {[%emt 0:00:01]} Bxc3 {[%emt 0:00:16]} 40. Kg2 {[%emt 0:00:29]} Ra4 {[%emt 0:00:20]} 41. Kf3 {[%emt 0:00:05]} Bd4 {[%emt 0:00:03]} 42. Rc7 {[%emt 0:00:10]} c5 {[%emt 0:00:06]} 43. Rd7 {[%emt 0:00:01]} Ra3+ {[%emt 0:00:03]} 44. Kg2 {[%emt 0:00:02]} Ra2 {[%emt 0:00:03]} 45. Kf3 {[%emt 0:00:05]} Ra3+ {[%emt 0:00:28]} 46. Kg2 {[%emt 0:00:01]} Ra2 {[%emt 0:00:02]} 47. Kf3 {[%emt 0:00:00]} Ra3+ {[%emt 0:00:18]} 48. Kg2 {[%emt 0:00:01]} Ra2 {[%emt 0:00:08]} 49. Kf3 {[%emt 0:00:01]} 1/2-1/2

[Event "46th GER-ch Rapid 2020"]
[Site "Plochingen"]
[Date "2020.09.21"]
[Round "6.1"]
[White "Dobrikov, Marco"]
[Black "Kvetny, Mark"]
[Result "1-0"]
[WhiteElo "2332"]
[BlackElo "2427"]
[Annotator "TA"]
[PlyCount "87"]
[EventDate "2020.09.19"]
[EventType "swiss"]
[EventCountry "GER"]
[SourceTitle "playchess.com"]
[Source "ChessBase"]
[SourceQuality "1"]

{[%evp 12,87,27,28,22,15,31,10,14,-97,-96,-89,-86,-86,-93,-132,-129,-127,-130,-129,-131,-127,-131,-153,-138,-140,-128,-139,-126,-127,0,0,0,0,0,0,0,0,265,258,238,242,252,186,280,208,357,345,341,333,339,339,583,622,580,566,575,547,503,449,29964,29963,29963,29965,6195,5089,29973,29977,29977,29978,29978,29979,29980,29981,29981,29981,29981,29982]} 1. e4 c5 2. Nf3 d6 3. d4 cxd4 4. Nxd4 Nf6 5. Nc3 Bd7 6. Bg5 e6 7. Qd2 a6 {B56: Classical Sicilian: Unusual Lines.} 8. O-O-O h6 9. Bh4 Nxe4 {[#] The position is equal.} 10. Bxd8 $146 (10. Qf4 $1 $11 Ng5 11. Qe3) ({Predecessor:} 10. Nxe4 Qxh4 11. Qe3 Be7 12. Nf3 Qh5 13. Nxd6+ Bxd6 14. Rxd6 Qa5 15. a3 O-O 16. Ne5 {0-1 (60) Pichot,A (2590)-Carlsen,M (2876) chess24.com INT 2019}) 10... Nxd2 $17 11. Bc7 Nxf1 12. Rhxf1 Nc6 13. Nxc6 Bxc6 14. Bxd6 Bxg2 {aiming for ...Bxd6.} 15. Rg1 Bf3 16. Bxf8 Kxf8 17. Rd7 Bc6 18. Rc7 g6 19. Ne2 Rd8 20. Nf4 Rd7 (20... g5 $17 21. Nd3 Rd7 22. Rxd7 Bxd7) 21. Rc8+ $11 Kg7 22. Nh5+ $1 Kh7 23. Nf6+ {[%mdl 64] Double Attack} Kg7 24. Rxh8 Kxh8 $4 {[%mdl 8192]} (24... Rd4 $1 $11) 25. Nxd7 $18 Bxd7 $11 {[%mdl 4096] Endgame KR-KB} 26. Kd2 Kg7 27. Ke3 Bc6 (27... e5 $142 28. Rd1 Bc6) 28. c4 Kf6 (28... e5 {was necessary.} 29. Rd1 Kf6) 29. Kd4 $18 Kf5 30. Kc5 Kf4 {[#] intending ...Kf3.} 31. Rg3 $1 Bf3 $2 (31... g5 {keeps fighting.} 32. Rh3 Be4 33. Rxh6 f5) 32. Kb6 e5 33. b4 g5 34. a4 h5 35. c5 {And now Rxf3+! would win.} h4 {[#]} (35... g4 $18 36. b5 (36. Rxf3+ gxf3 37. Kxb7 e4 $18) 36... axb5) 36. Rxf3+ $1 {[%mdl 576] Remove Defender, Promotion} Kxf3 37. Kxb7 Kxf2 {KP-KP} 38. c6 e4 39. c7 {White mates.} e3 40. c8=Q e2 41. Qf5+ {[%mdl 64] Double Attack} Kg2 42. Qxg5+ {[%mdl 64] Double Attack} Kf1 43. Qf4+ Kg2 44. Qxh4 {Never resign too early! Accuracy: White = 82%, Black = 55%.} 1-0

[Event "46th GER-ch Rapid 2020"]
[Site "Plochingen"]
[Date "2020.09.21"]
[Round "6.2"]
[White "Rosner, Jonas"]
[Black "Frischmann, Rick"]
[Result "1/2-1/2"]
[WhiteElo "2433"]
[BlackElo "2347"]
[Annotator "TA"]
[PlyCount "101"]
[EventDate "2020.09.19"]
[EventType "swiss"]
[EventCountry "GER"]
[SourceTitle "playchess.com"]
[Source "ChessBase"]
[SourceQuality "1"]

{[%evp 14,101,-9,-54,-41,-44,0,-10,0,-1,0,0,10,-14,4,-14,0,0,0,0,0,0,16,-9,-12,-24,-12,-12,-4,-75,-26,-91,-70,-70,-65,-70,-63,-98,-39,-35,-36,-39,0,0,0,0,0,0,0,0,0,0,4,0,0,0,129,135,110,107,148,148,180,180,271,221,221,221,221,221,221,221,221,221,221,74,74,7,7,7,7,7,7,7,219,0,7,0,219,0]} 1. d4 d5 2. Nf3 Nc6 3. g3 g6 4. Bg2 Bg7 5. O-O Nf6 6. c4 O-O 7. Nc3 dxc4 8. d5 Nb4 {[%cal Rb4d5] D77: Fianchetto Grünfeld: 6 0-0: Replies other than 6...c6.} 9. Ne5 c6 10. dxc6 Nxc6 {The position is equal.} 11. Nxc6 bxc6 12. Qa4 Be6 13. Qxc6 Rb8 {[#]} 14. Qa6 $146 ({Predecessor:} 14. Qa4 a5 15. Qc2 Qb6 16. Rb1 Rfd8 17. Bf4 Rbc8 18. Rbd1 Bf5 19. e4 Bg4 20. Rxd8+ Rxd8 {½-½ (39) Ayyad,M (2122)-Soumya,S (2325) Abu Dhabi 2015}) 14... Qb6 15. Qxb6 Rxb6 16. Rb1 Ng4 $36 {[%mdl 2048] And now ...Bxc3 would win. Black has good play.} 17. Bf4 Bf5 18. e4 (18. Bc7 $5 {[%cal Rc7b6]}) 18... Be6 19. Rfd1 Ne5 20. Be3 Rb7 21. Bd4 (21. f4 $1 $11 Ng4 22. Bc5) 21... Rfb8 (21... Bg4 $5 {[%cal Rg4d1]} 22. Bxe5 Bxe5 $15) 22. Nd5 (22. f4 $11 {remains equal.} Nd3 23. Bxg7 Kxg7 24. f5) 22... Nd3 (22... Bg4 {is more complex.} 23. Rd2 Nf3+ 24. Bxf3 Bxf3 25. Bxg7 Kxg7 26. Nc3 f6) 23. Bxg7 $1 Kxg7 24. b3 $1 cxb3 25. axb3 Bxd5 (25... Nc5 $17 26. Ra1 Nxb3) 26. exd5 $15 Rxb3 27. Ra1 Nb2 28. Re1 Nd3 29. Rxe7 Rb1+ 30. Rxb1 Rxb1+ $11 {[%mdl 4096] Endgame KRB-KRN} 31. Bf1 a5 32. Ra7 Ra1 33. Kg2 Ne1+ 34. Kh3 a4 (34... Nf3 $11 35. Bb5 Ra2) 35. d6 $1 $16 Rd1 36. d7 (36. Rxa4 $6 Rxd6 37. Ra1 Nf3 $11) 36... Nf3 37. Bb5 ({Much weaker is} 37. Rxa4 $6 Rxd7 38. Ra3 Ng5+ 39. Kg2 Rd2 $11) 37... h5 38. Kg2 ({Don't do} 38. Rxa4 $6 g5 $16) 38... Ne5 (38... Ng5 {might work better.} 39. Bxa4 Rd2) 39. f4 (39. Rxa4 Nxd7 40. f4 Rd5 $11) 39... Rd2+ 40. Kf1 Nf3 41. Bc6 $1 {[%cal Rc6f3]} Nxh2+ {[#]} 42. Ke1 $1 {[%mdl 512]} Rd6 43. Ra8 (43. Bxa4 Nf3+ 44. Kf2 Nd4 $14) 43... Nf3+ 44. Kf2 (44. Bxf3 $18 {and the rest is easy.} Rxd7 45. Rxa4) 44... Nd4 45. Bxa4 ({White should play} 45. d8=Q $16 Rxd8 46. Rxd8 Nxc6 47. Ra8) 45... Ne6 $11 46. Re8 Kf6 47. Ke3 Kg7 48. Bb5 Rd5 $2 {[#]} (48... Kf6 $11 {and Black has nothing to worry.}) 49. Ba4 $2 (49. Ke4 $1 $18 {[%cal Re4d5]} Rxd7 50. Rxe6 (50. Bxd7 Nc5+ 51. Kf3 Nxd7 $16)) 49... Rd6 50. Bb5 $2 (50. Rb8 $11) 50... Rd5 $18 {[#]} 51. Ba4 $2 {White really could win this. Accuracy: White = 77%, Black = 67%.} ({Only move:} 51. Ke4 $1 $18 {[%cal Re4d5]} Rxd7 52. Rxe6 (52. Bxd7 Nc5+ 53. Kf3 Nxd7 $16)) 1/2-1/2

[Event "46th GER-ch Rapid 2020"]
[Site "Plochingen"]
[Date "2020.09.21"]
[Round "6.3"]
[White "Neukirchner, Pascal"]
[Black "Schmaltz, Roland"]
[Result "1-0"]
[WhiteElo "2259"]
[BlackElo "2449"]
[Annotator "TA"]
[PlyCount "51"]
[EventDate "2020.09.19"]
[EventType "swiss"]
[EventCountry "GER"]
[SourceTitle "playchess.com"]
[Source "ChessBase"]
[SourceQuality "1"]

{[%evp 9,51,22,47,33,38,28,24,-4,23,29,37,40,38,40,147,142,152,50,62,47,85,59,61,50,79,80,77,64,41,28,55,0,20,0,65,68,472,453,822,814,806,822,922,922]} 1. d4 Nf6 2. c4 e6 3. g3 c5 4. d5 exd5 5. cxd5 b5 6. e4 {A60: Modern Benoni: Early Divergences.} Nxe4 7. Bg2 Nd6 8. Nf3 {White has an edge.} Be7 9. O-O O-O 10. Bf4 {[%mdl 1024] White has compensation.} Bb7 11. Re1 {[#]} f6 $146 (11... Na6 $14) ({Predecessor:} 11... Na6 12. Nc3 b4 13. Bxd6 Bxd6 14. Ne4 Be7 15. d6 Bf6 16. Nxf6+ Qxf6 17. Ne5 Bxg2 18. Kxg2 {1-0 (43) Vidit,S (2721)-Liu,G (2458) China 2017}) 12. Nc3 $16 b4 {[#]} 13. Na4 (13. Bxd6 $1 $16 Bxd6 14. Ne4) 13... Na6 $14 14. Rc1 {[%cal Ba1c1,Bc1c2,Bc2e2,Be2e7,Be7f7][%mdl 32]} Rc8 15. b3 Rf7 16. Nd2 {aiming for Rxe7!} Bf8 {[#]} 17. Bxd6 $1 Bxd6 18. Nc4 $36 {[%mdl 2048] Black is under pressure.} Qf8 19. Rc2 Nb8 20. Rce2 Ba6 21. Nab2 Be5 (21... f5 $11) 22. d6 $1 Bc3 $2 {[%mdl 8192] Black cannot hold the game after this.} (22... Nc6 $14) 23. Bd5 $18 {White is clearly winning.} Kh8 (23... Bxe1 $142 24. Qxe1 Nc6) 24. Re7 Bxe1 25. Rxf7 Qe8 26. Re7 {Accuracy: White = 81%, Black = 43%.} 1-0